00995ntm a22002297a 450000500170000000800410001704000280005808200170008610000260010324500870012926000100021630000410022650001820026759000170044965000400046665300230050665500090052994200080053899900170054695201010056395201010066420170809113541.0170802s2011 xx a frb 000 0 eng d aEG-ScBUEbengcEG-ScBUE04222a624bFOU1 aFouad, Andrew Fakhry.10aStress Analysis and Mechanics of Slab Column Connection /cby Andrew Fakhry Fouad. c2011. axi, 166 p. : bill. (col.) ;c28 cm. aA Dissertation Submitted to the Faculty of Engineering. The British University in Egypt, in Partial Fulfillment of the Requirements for the Bachelor Degree in Civil Engineering. abasant mousa 72BUEshaCivil Engineering.vProjects bENGCIVcAugust2017 vSPRO 2ddc c25218d25190 00102ddc4070aMAINbMAINc2NDd2017-08-07l0o624 FOUp000046376r2025-07-15 00:00:00yPROJST 00102ddc4070aMAINbMAINc2NDd2017-08-08l0o624 FOUp000046650r2025-07-15 00:00:00yPROJST